রক্ষীবাহিনীর সত্য-মিথ্যা / (Record no. 11097)
[ view plain ]
| 000 -LEADER | |
|---|---|
| fixed length control field | 00748nam a2200229 a 4500 |
| 001 - CONTROL NUMBER | |
| JCCL Control Number | 11097 |
| 003 - CONTROL NUMBER IDENTIFIER | |
| JCCL marc code | BD-JhCC |
| 005 - DATE AND TIME OF LATEST TRANSACTION | |
| control field | 20200205134008.0 |
| 008 - FIXED-LENGTH DATA ELEMENTS--GENERAL INFORMATION | |
| fixed length control field | 190629b20132018bg a|||| ||a| 001 0 ben d |
| 020 ## - INTERNATIONAL STANDARD BOOK NUMBER | |
| International Standard Book Number | 9789849025399 |
| 035 ## - SYSTEM CONTROL NUMBER | |
| system control number | (BD-JhCC)11097 |
| 040 ## - CATALOGING SOURCE | |
| Original cataloging agency | BD-JhCC |
| Modifying agency | BD-JhCC |
| 041 ## - LANGUAGE CODE | |
| Language code of Book | ben |
| 082 ## - DEWEY DECIMAL CLASSIFICATION NUMBER | |
| Classification number | 321.1 |
| Author mark and Year | ALA 2018 |
| 100 ## - MAIN ENTRY--PERSONAL NAME | |
| Personal name | আলম, আনোয়ার উল |
| 245 ## - TITLE STATEMENT | |
| Title | রক্ষীবাহিনীর সত্য-মিথ্যা / |
| Statement of responsibility, etc | আনোয়ার উল আলম । |
| 260 ## - PUBLICATION, DISTRIBUTION, ETC. (IMPRINT) | |
| Place of publication, distribution, etc | ঢাকা: |
| Name of publisher, distributor, etc | প্রথমা প্রকাশন; |
| Date of publication, distribution, etc | ২০১৮. |
| 300 ## - PHYSICAL DESCRIPTION | |
| Pagination | ২৪৭ পৃঃ . : |
| Other physical details | ill; |
| Dimensions | ২২ সেমি. |
| 650 ## - SUBJECT ADDED ENTRY--TOPICAL TERM | |
| Topical term or geographic name as entry element | Political Science |
| 942 ## - ADDED ENTRY ELEMENTS (KOHA) | |
| Source of classification or shelving scheme | Dewey Decimal Classification |
| Koha item type | Books |
| Koha issues (borrowed), all copies | 2 |
| Source of classification or shelving scheme | Damaged status | Not for loan | Home library | Current library | Shelving location | Date of accession | Cost, normal purchase price | Total Checkouts | Full call number | Barcode | Date last seen | Date checked out | Copy number | Koha item type | Source of acquisition | Method of acquisition | Currency |
|---|---|---|---|---|---|---|---|---|---|---|---|---|---|---|---|---|---|
| Dewey Decimal Classification | JCC Rouf Library | JCC Rouf Library | General Stacks | 07/29/2019 | 400.00 | 1 | 321.1 ALA 2018 | 14763 | 03/27/2020 | 02/04/2020 | C-1 | Books | |||||
| Dewey Decimal Classification | JCC Rouf Library | JCC Rouf Library | General Stacks | 350.00 | 1 | 321.1 ALA 2013 | 19721 | 06/23/2025 | 06/16/2025 | C-2 | Books | With the compliments of Maj (Retd) Syed Sakhawat Hussain,07/0388/K | Gift/Donation | BDT |